000 00681nam a2200229 i 4500
001 134863
003 ES-MaACL
005 20250824230751.0
007 t|
008 070629s1973 sp ||||1| spa d
080 _a248
100 1 _aThibon, Gustave.
_9109928
245 1 0 _aNuestra mirada ciega ante la luz /
_cGustave Thibon ; [versión por Julian Urbistondo].
260 _aMadrid :
_bRialp,
_c[1973]
300 _a366 p. ;
_c19 cm.
490 1 _aPatmos ;
_v146
650 4 _aVida espiritual.
_912505
700 1 _aUrbistondo, Julián.
_9112098
830 0 0 _aPatmos (Rialp)
_v146
_9181154
852 _aES-MaACL
_jC-53040
_bR.85468
999 _c134863
_d134863